| 000 | 00346nam a2200145Ia 4500 | ||
|---|---|---|---|
| 008 | 230312s9999||||xx |||||||||||||| ||und|| | ||
| 020 | _a0-07-222438-x | ||
| 082 |
_a005.8 _bSHE-H |
||
| 100 | _aBurd;Stephen | ||
| 245 | 0 | _aSystems Architecture | |
| 260 |
_bMcGraw Hill _aUSA _c2002 |
||
| 300 | _a386 | ||
| 650 |
_aComputer _vComputer |
||
| 942 | _cBK | ||
| 999 |
_c15264 _d15264 |
||